Applied mathematical models in human physiology /
Guardado en:
| Autor Principal: | |
|---|---|
| Otros Autores: | , |
| Formato: | Libro |
| Idioma: | English |
| Publicado: |
Philadelphia :
Society for Industrial and Applied Mathematics (SIAM),
c2004.
|
| Series: | SIAM monographs on mathematical modeling and computation
|
| Materias: | |
| Acceso en línea: | Descripción Tabla de contenido |
| Etiquetas: |
Agregar Etiqueta
Sin Etiquetas, Sea el primero en etiquetar este registro!
|
| LEADER | 01181cam a22002655a 4500 | ||
|---|---|---|---|
| 001 | EIQ.libpla004113 | ||
| 008 | 031107s2004####paua#####b####001#0#eng#d | ||
| 005 | 20080619171125.0 | ||
| 245 | 1 | 0 | |a Applied mathematical models in human physiology / |c Johnny T. Ottesen, Mette S. Olufsen, Jesper K. Larsen. |
| 260 | |a Philadelphia : |b Society for Industrial and Applied Mathematics (SIAM), |c c2004. | ||
| 300 | |a xiii, 298 p. : |b il. (algunas col.) ; |c 26 cm. | ||
| 440 | 0 | |a SIAM monographs on mathematical modeling and computation | |
| 504 | |a Incluye referencias bibliográficas (p. 275-292) e índice. | ||
| 020 | |a 0898715393 (pbk.) | ||
| 100 | 1 | |a Ottesen, Johnny T., |d 1959- | |
| 700 | 1 | |a Olufsen, Mette S. | |
| 700 | 1 | |a Larsen, Jesper K. | |
| 082 | 0 | 0 | |a 612/.001/5118 |2 22 |
| 650 | 0 | |a Fisiología humana |x Modelos matemáticos. | |
| 650 | 0 | |a Human physiology |x Mathematical models. | |
| 010 | |a 2003067274 | ||
| 040 | |a DLC |c DLC |d AR-BbSID | ||
| 856 | 4 | 2 | |3 Descripción |u http://www.loc.gov/catdir/enhancements/fy0665/2003067274-d.html |
| 856 | 4 | 1 | |3 Tabla de contenido |u http://www.loc.gov/catdir/enhancements/fy0665/2003067274-t.html |
| 859 | |a AR-BbSID |b BIB. PLAPIQUI |h 612.001 511 8 |i Ot 8 |p 6064 | ||
